Antike Rhetorik - Statistiken

Allgemein
  • Dieses Quiz wurde 9 mal gespielt
  • Das Durchschnittsergebnis liegt bei 2 aus 12
Antwortstatistiken
Hint Antwort % Korrekt
Schluss peroratio/conclusio
80%
Beweisführung argumentatio
40%
Das Auswendiglernen memoria
40%
Die Stoffgliederung dispositio
20%
Die sprachlich-stilistische Ausgestaltung elocutio
20%
Die Festlegung des Themas und die Stoffsammlung inventio
20%
Wiederlegen gegnerischer Argumente refutatio
20%
Der Vortrag actio
0%
Vorlegen der eigenen Beweise confirmatio
0%
Gliederung der Beweise partito/divisio
0%
Einleitung exordium
0%
Darlegung des Sachverhalts narratio
0%
Keine übereinstimmenden Quizze gefunden
Verteilung der Resultate
Anzahl Personen mit jedem Resultat
Perzentil nach korrekt beantworteten Fragen
Ihre Resultats-Entwicklung
Sie haben dieses Quiz noch nicht gespielt